[Event "Plzen, FSB A"]
[Site "?"]
[Date "2003.??.??"]
[Round "1.36"]
[White "Kupka, F."]
[Black "Brom, J."]
[Result "1/2-1/2"]
[WhiteElo "2011"]
[BlackElo "2201"]
[PlyCount "100"]
[EventDate "2003.??.??"]
[Source "ChessBase"]
[SourceDate "1996.11.15"]

1. e4 c5 2. Nf3 Nc6 3. d4 cxd4 4. Nxd4 Nf6 5. Nc3 e5 6. Ndb5 d6 7. Nd5 Nxd5 8.
exd5 Nb8 9. c4 Be7 10. Be2 a6 11. Nc3 O-O 12. O-O f5 13. f3 Bg5 14. Bxg5 Qxg5
15. f4 exf4 16. Qd4 Nd7 17. Rxf4 Ne5 18. Rd1 Bd7 19. b4 Rae8 20. Rf2 Rf6 21. c5
Rh6 22. cxd6 Rh4 23. Qd2 Qxd2 24. Rxd2 Rc8 25. Nd1 Rxb4 26. g3 Nf7 27. Bf3 Nxd6
28. Rb2 Rxb2 29. Rxb2 Rc1 30. Kf2 b5 31. Ne3 a5 32. Rc2 Rxc2+ 33. Nxc2 Kf7 34.
Ke3 Kf6 35. Kd4 g5 36. Ne1 b4 37. Be2 Ne4 38. Bd3 Nf2 39. Bc4 Ng4 40. Nf3 h5
41. h4 gxh4 42. gxh4 f4 43. Bd3 Ba4 44. Be2 Ne3 45. Nd2 Nf5+ 46. Kc5 Be8 47.
Nf3 Ng3 48. Bd3 Bd7 49. d6 Nf5 50. Bc4 Ng3 1/2-1/2

[Event "Plzen, FSB A"]
[Site "?"]
[Date "2003.??.??"]
[Round "1.37"]
[White "Zeleny, T."]
[Black "Kovarik, J."]
[Result "1-0"]
[WhiteElo "2187"]
[BlackElo "2007"]
[PlyCount "63"]
[EventDate "2003.??.??"]
[Source "ChessBase"]
[SourceDate "1996.11.15"]

1. e4 d6 2. d4 Nf6 3. Nc3 g6 4. Bg5 Bg7 5. Qd2 h6 6. Bf4 c6 7. O-O-O Nbd7 8.
Nf3 Qa5 9. Kb1 g5 10. Bg3 Nh5 11. Bc4 Nb6 12. Bb3 f5 13. exf5 Bxf5 14. Rhe1
Nxg3 15. hxg3 d5 16. Rxe7+ Kxe7 17. Nxd5+ Qxd5 18. Bxd5 Nxd5 19. Nxg5 Rhf8 20.
Re1+ Kd7 21. Ne4 Rae8 22. f3 b6 23. Ka1 Nf6 24. Qf4 Nxe4 25. fxe4 Bxe4 26. Qg4+
Kd8 27. Qxg7 Bxc2 28. Rxe8+ Rxe8 29. b3 a5 30. Qb7 a4 31. Qxb6+ Kd7 32. Qb7+
1-0

[Event "Plzen, FSB A"]
[Site "?"]
[Date "2003.??.??"]
[Round "1.38"]
[White "Micka, V."]
[Black "Priborsky, J."]
[Result "1/2-1/2"]
[WhiteElo "1982"]
[BlackElo "2181"]
[PlyCount "42"]
[EventDate "2003.??.??"]
[Source "ChessBase"]
[SourceDate "1996.11.15"]

1. f4 Nf6 2. Nf3 g6 3. e3 Bg7 4. d4 O-O 5. Bd3 d6 6. O-O c5 7. c3 Nc6 8. Bd2 e5
9. Qc2 cxd4 10. exd4 exd4 11. f5 Qb6 12. Kh1 Ng4 13. h3 dxc3 14. Bxc3 Ne3 15.
Qc1 Bxc3 16. Nxc3 Nxf1 17. Nd5 Ng3+ 18. Kh2 Qc5 19. Qh6 Qxd5 20. Ng5 Nf1+ 21.
Kh1 Ng3+ 1/2-1/2

[Event "Plzen, FSB A"]
[Site "?"]
[Date "2003.??.??"]
[Round "1.39"]
[White "Kuba, J."]
[Black "Kratochvil, J."]
[Result "0-1"]
[WhiteElo "2180"]
[BlackElo "1977"]
[PlyCount "68"]
[EventDate "2003.??.??"]
[Source "ChessBase"]
[SourceDate "1996.11.15"]

1. e4 d5 2. exd5 Nf6 3. c4 e6 4. dxe6 Bxe6 5. d4 Bb4+ 6. Bd2 Qe7 7. Bxb4 Qxb4+
8. Qd2 Nc6 9. d5 O-O-O 10. a3 Qb6 11. Nc3 Bg4 12. f3 Rhe8+ 13. Be2 Bf5 14. b4
a5 15. b5 Ne5 16. O-O-O Qc5 17. Qa2 Qe3+ 18. Qd2 Qc5 19. Qa2 Qe3+ 20. Kb2 Nd3+
21. Bxd3 Bxd3 22. Ka1 Qd4 23. Qd2 Re3 24. Nge2 Qc5 25. Nc1 Bxc4 26. Qb2 Nxd5
27. Nb1 f6 28. Rd2 Qxb5 29. Rhd1 Qxb2+ 30. Kxb2 Ree8 31. Rd4 Ne3 32. R1d2 Bf1
33. Rxd8+ Rxd8 34. Rxd8+ Kxd8 0-1

[Event "Plzen, FSB A"]
[Site "?"]
[Date "2003.??.??"]
[Round "1.40"]
[White "Szarowski, D."]
[Black "Maurer, J."]
[Result "0-1"]
[WhiteElo "1930"]
[BlackElo "2180"]
[PlyCount "46"]
[EventDate "2003.??.??"]
[Source "ChessBase"]
[SourceDate "1996.11.15"]

1. e4 c5 2. Nf3 d6 3. d4 cxd4 4. Nxd4 Nf6 5. Nc3 a6 6. Bc4 e6 7. Bb3 Nbd7 8. f4
Nc5 9. Qe2 Be7 10. f5 Nxb3 11. axb3 O-O 12. O-O Qc7 13. Bg5 h6 14. Bh4 Bd7 15.
Kh1 b5 16. Rad1 b4 17. fxe6 fxe6 18. e5 dxe5 19. Nxe6 Bxe6 20. Ne4 Nxe4 21.
Rxf8+ Rxf8 22. Qxe4 Bxh4 23. Qxh4 Qxc2 0-1

[Event "Plzen, FSB A"]
[Site "?"]
[Date "2003.??.??"]
[Round "1.41"]
[White "Folkova, M."]
[Black "Kovar, J."]
[Result "1-0"]
[WhiteElo "2179"]
[BlackElo "1922"]
[PlyCount "59"]
[EventDate "2003.??.??"]
[Source "ChessBase"]
[SourceDate "1996.11.15"]

1. e4 c5 2. Nf3 e6 3. d4 cxd4 4. Nxd4 a6 5. Bd3 Nf6 6. O-O d6 7. Nc3 Be7 8. Kh1
Nc6 9. Nxc6 bxc6 10. f4 Qc7 11. Qe2 Bb7 12. Bd2 c5 13. b3 O-O 14. Rae1 g6 15.
f5 exf5 16. exf5 Qc6 17. fxg6 hxg6 18. Bg5 Nd5 19. Nxd5 Bxg5 20. Be4 Qe8 21.
Qd3 Qb5 22. Qg3 Bd2 23. Rd1 Ra7 24. c4 Qa5 25. Bxg6 Bh6 26. Bxf7+ Kh8 27. Qg6
Qd2 28. Rxd2 Rxf7 29. Qxf7 Bxd5 30. Qxa7 1-0

[Event "Plzen, FSB A"]
[Site "?"]
[Date "2003.??.??"]
[Round "1.42"]
[White "Miskolczi, V."]
[Black "Hrbolka sr., L."]
[Result "0-1"]
[WhiteElo "2019"]
[BlackElo "2174"]
[PlyCount "35"]
[EventDate "2003.??.??"]
[Source "ChessBase"]
[SourceDate "1996.11.15"]

1. f4 Nf6 2. Nf3 g6 3. g3 Bg7 4. Bg2 O-O 5. O-O c5 6. d3 d5 7. c3 Nc6 8. Qc2 d4
9. h3 Nd5 10. a4 Qd6 11. Na3 dxc3 12. bxc3 Nxc3 13. Nc4 Qc7 14. Bb2 Nd4 15.
Nxd4 cxd4 16. e4 Be6 17. Na3 Qb6 18. Nc4 0-1

[Event "Plzen, FSB A"]
[Site "?"]
[Date "2003.??.??"]
[Round "1.43"]
[White "Pech, V."]
[Black "Adamek, F."]
[Result "1/2-1/2"]
[WhiteElo "2171"]
[BlackElo "2015"]
[PlyCount "96"]
[EventDate "2003.??.??"]
[Source "ChessBase"]
[SourceDate "1996.11.15"]

1. e4 e6 2. d4 d5 3. Nd2 Nf6 4. e5 Nfd7 5. Bd3 c5 6. c3 Nc6 7. Ngf3 Qb6 8. O-O
cxd4 9. cxd4 Nxd4 10. Nxd4 Qxd4 11. Nf3 Qb6 12. Qa4 Qb4 13. Qc2 g6 14. a3 Qb6
15. Qa4 a6 16. Be3 Bc5 17. Bxc5 Qxc5 18. Rac1 Qe7 19. Rc7 O-O 20. Rfc1 Rb8 21.
Qf4 b5 22. Qh6 Bb7 23. Ng5 f5 24. Nxh7 Qxh7 25. Qxh7+ Kxh7 26. Rxd7+ Kh6 27.
Rcc7 Ba8 28. Rh7+ Kg5 29. g3 f4 30. Rcg7 Rg8 31. Rxg8 Rxg8 32. Re7 Rc8 33. Rxe6
Rc1+ 34. Kg2 d4+ 35. Kh3 fxg3 36. fxg3 Rc6 37. Rd6 Rxd6 38. exd6 Bc6 39. g4 Kf6
40. Kg3 g5 41. Bf5 Bd5 42. Kf2 a5 43. b4 axb4 44. axb4 Bc4 45. Kf3 Bd5+ 46. Be4
Bc4 47. Bc6 Bd3 48. Be4 Bc4 1/2-1/2

[Event "Plzen, FSB A"]
[Site "?"]
[Date "2003.??.??"]
[Round "1.44"]
[White "Prazak, O."]
[Black "Kubikova, A."]
[Result "1/2-1/2"]
[WhiteElo "2010"]
[BlackElo "2170"]
[PlyCount "69"]
[EventDate "2003.??.??"]
[Source "ChessBase"]
[SourceDate "1996.11.15"]

1. d4 Nf6 2. c4 c5 3. Nf3 g6 4. Nc3 cxd4 5. Nxd4 Bg7 6. e4 d6 7. Be2 Nc6 8. Be3
O-O 9. O-O Bd7 10. Rc1 a6 11. a3 Rc8 12. f3 Nxd4 13. Bxd4 Be6 14. b3 Nd7 15.
Be3 Qa5 16. Na4 Nc5 17. Nxc5 dxc5 18. a4 Rfd8 19. Qc2 Bd4 20. Bf2 Bxf2+ 21.
Rxf2 Rd2 22. Qc3 Qxc3 23. Rxc3 Rcd8 24. Bf1 Rd1 25. Rfc2 f5 26. exf5 Bxf5 27.
Rc1 Rxc1 28. Rxc1 Rd2 29. Re1 Kf7 30. Re5 Rb2 31. Rxc5 Rxb3 32. Rc7 Ke8 33. a5
Bd7 34. Rc5 Bc6 35. h4 1/2-1/2

[Event "Plzen, FSB A"]
[Site "?"]
[Date "2003.??.??"]
[Round "1.45"]
[White "Cedikova, K."]
[Black "Jaros, M."]
[Result "1-0"]
[WhiteElo "2168"]
[BlackElo "1997"]
[PlyCount "99"]
[EventDate "2003.??.??"]
[Source "ChessBase"]
[SourceDate "1996.11.15"]

1. d4 Nf6 2. c4 g6 3. Nc3 Bg7 4. e4 d6 5. f3 O-O 6. Be3 Nc6 7. Nge2 Re8 8. Qd2
e5 9. d5 Nd4 10. Nxd4 exd4 11. Bxd4 c5 12. Be3 Nd7 13. Be2 a6 14. O-O f5 15.
Bg5 Nf6 16. Bd3 fxe4 17. Bxe4 Bd7 18. Rfe1 b5 19. Bd3 bxc4 20. Bxc4 Qb6 21. b3
Bf5 22. Rad1 Nd7 23. g4 Rxe1+ 24. Rxe1 Qb4 25. Na4 Bc2 26. Qxb4 cxb4 27. Bf4
Be5 28. Be3 Rf8 29. Kg2 Bf4 30. Nb6 Ne5 31. Bxf4 Rxf4 32. Rc1 Bd3 33. Bxd3 Nxd3
34. Rc8+ Rf8 35. Kf1 g5 36. Ke2 Rxc8 37. Nxc8 Nf4+ 38. Kd2 Nxd5 39. Nxd6 Kf8
40. Ne4 h6 41. Nc5 a5 42. Nb7 Ke7 43. Nxa5 Kd6 44. Nc4+ Ke6 45. Kd3 Nf4+ 46.
Ke4 Ne2 47. a3 bxa3 48. Nxa3 Nc3+ 49. Kd3 Nd5 50. Nc2 1-0

[Event "Plzen, FSB A"]
[Site "?"]
[Date "2003.??.??"]
[Round "1.46"]
[White "Toman, J."]
[Black "Vagner, T."]
[Result "0-1"]
[WhiteElo "1940"]
[BlackElo "2161"]
[PlyCount "62"]
[EventDate "2003.??.??"]
[Source "ChessBase"]
[SourceDate "1996.11.15"]

1. d4 f5 2. Nf3 Nf6 3. g3 b6 4. Bg2 Bb7 5. O-O e6 6. b3 Be7 7. c4 O-O 8. Bb2
Ne4 9. Nc3 Bf6 10. Rc1 d6 11. Qd3 Nd7 12. Rfd1 Nxc3 13. Bxc3 Be4 14. Qd2 a5 15.
Qb2 Qe7 16. a3 g5 17. b4 axb4 18. axb4 g4 19. Ne1 Bg5 20. e3 Nf6 21. Nd3 Bxg2
22. Kxg2 Qg7 23. Ra1 Rxa1 24. Rxa1 Qh6 25. Nf4 Ne4 26. Ra7 Bd8 27. d5 e5 28.
Ne6 Re8 29. Qc2 Rxe6 30. dxe6 Qh3+ 31. Kg1 Ng5 0-1

[Event "Plzen, FSB A"]
[Site "?"]
[Date "2003.??.??"]
[Round "1.47"]
[White "Cifka, S."]
[Black "Fales, A."]
[Result "0-1"]
[WhiteElo "2160"]
[BlackElo "1937"]
[PlyCount "62"]
[EventDate "2003.??.??"]
[Source "ChessBase"]
[SourceDate "1996.11.15"]

1. d4 d5 2. c4 e6 3. Nc3 Nf6 4. cxd5 exd5 5. Bg5 c6 6. e3 Be7 7. Qc2 Nbd7 8.
Bd3 Nf8 9. Nf3 Ne6 10. Bh4 g6 11. O-O Ng7 12. Rab1 O-O 13. b4 a6 14. a4 Bf5 15.
Rfc1 Ne4 16. Bxe7 Qxe7 17. b5 axb5 18. axb5 Ra3 19. Rb3 Rfa8 20. bxc6 bxc6 21.
Ne5 Rxb3 22. Qxb3 Nxc3 23. Qxc3 Ra3 24. Qd2 Bxd3 25. Nxd3 Nf5 26. Nb4 Nh4 27.
Qb2 Qe4 28. Kf1 Qxg2+ 29. Ke1 Rxe3+ 30. Kd1 Qf3+ 31. Kc2 Re2+ 0-1

[Event "Plzen, FSB A"]
[Site "?"]
[Date "2003.??.??"]
[Round "1.48"]
[White "Beran, B."]
[Black "Bujak, M."]
[Result "0-1"]
[WhiteElo "1935"]
[BlackElo "2159"]
[PlyCount "74"]
[EventDate "2003.??.??"]
[Source "ChessBase"]
[SourceDate "1996.11.15"]

1. c4 e5 2. g3 Nf6 3. Bg2 d5 4. cxd5 Nxd5 5. Nc3 Ne7 6. Nf3 Nbc6 7. O-O g6 8.
d3 Bg7 9. Bg5 O-O 10. Qd2 Re8 11. Ne4 f5 12. Nf6+ Bxf6 13. Bxf6 Qd6 14. Bg5 Be6
15. b3 Bd5 16. Rfe1 Nd4 17. e4 Nxf3+ 18. Bxf3 Bc6 19. Qc3 Rad8 20. Rad1 Qd4 21.
Qc1 Rd7 22. Be3 Qb4 23. Bc5 Qa5 24. Qc2 Nc8 25. Be2 Nd6 26. exf5 Nxf5 27. Bg4
b6 28. Bxf5 gxf5 29. Be3 Bf3 30. Rd2 f4 31. Bxf4 Rf7 32. Be3 e4 33. Qc6 Rd8 34.
d4 Qf5 35. Qc4 Rd5 36. Rc1 Qh5 37. Rdc2 Qxh2+ 0-1

[Event "Plzen, FSB A"]
[Site "?"]
[Date "2003.??.??"]
[Round "1.49"]
[White "Galicek, S."]
[Black "Hasek, P."]
[Result "1-0"]
[WhiteElo "2155"]
[BlackElo "1934"]
[PlyCount "113"]
[EventDate "2003.??.??"]
[Source "ChessBase"]
[SourceDate "1996.11.15"]

1. d4 d5 2. c4 c6 3. Nf3 Nf6 4. Nc3 e6 5. e3 Nbd7 6. Qc2 Bd6 7. Be2 O-O 8. O-O
Qe7 9. Rd1 a6 10. b3 b5 11. Bb2 Bb7 12. Rac1 Rac8 13. g3 Bb8 14. a3 Rfe8 15. e4
Nxe4 16. Nxe4 dxe4 17. Qxe4 Nf6 18. Qb1 Red8 19. Ne5 Nd7 20. Nxd7 Rxd7 21. c5
Rcd8 22. Qe4 f5 23. Qc2 Qg5 24. Re1 Rf8 25. Bf1 Re7 26. Rcd1 Bc8 27. f3 h5 28.
Bc1 Qg6 29. f4 h4 30. Re3 Kf7 31. Bg2 hxg3 32. hxg3 Bd7 33. Red3 Rfe8 34. Kf2
Rh8 35. Rh1 Rxh1 36. Bxh1 Qh6 37. Bg2 g5 38. Rf3 g4 39. Rd3 Ke8 40. Rd1 Rh7 41.
Qe2 Qf6 42. Bb2 Qe7 43. Rh1 Kd8 44. Rxh7 Qxh7 45. Bc3 Bc7 46. a4 Kc8 47. axb5
axb5 48. Qd3 Qf7 49. Qc2 Kb7 50. Qb2 Qg8 51. Qa1 Qa8 52. Qb2 Bd8 53. Ke3 Bf6
54. d5 Bxc3 55. dxc6+ Bxc6 56. Bxc6+ Kxc6 57. Qg2+ 1-0

[Event "Plzen, FSB A"]
[Site "?"]
[Date "2003.??.??"]
[Round "1.50"]
[White "Barbet, L."]
[Black "Kopasov, E."]
[Result "1/2-1/2"]
[WhiteElo "1900"]
[BlackElo "2154"]
[PlyCount "75"]
[EventDate "2003.??.??"]
[Source "ChessBase"]
[SourceDate "1996.11.15"]

1. e4 c5 2. Nf3 d6 3. d4 cxd4 4. Nxd4 Nf6 5. Nc3 a6 6. Bg5 e6 7. f4 Be7 8. Qf3
Qc7 9. g4 Nbd7 10. O-O-O b5 11. a3 Rb8 12. Bxf6 Nxf6 13. g5 Nd7 14. f5 Nc5 15.
fxe6 fxe6 16. g6 hxg6 17. b4 Nb7 18. Bh3 Nd8 19. Qg3 g5 20. Rd3 Bf6 21. Kb2 a5
22. e5 Bxe5 23. Qxg5 Bxd4 24. Rxd4 Rxh3 25. Nxb5 Rxb5 26. Qxb5+ Bd7 27. Rc4
Bxb5 28. Rxc7 axb4 29. axb4 Bd7 30. Rg1 Rh7 31. Kb3 Nc6 32. c4 Kd8 33. Rb7 Kc8
34. Rb6 Kc7 35. Ra6 Rh3+ 36. Rg3 Nd4+ 37. Ka3 Nc2+ 38. Kb3 1/2-1/2

[Event "Plzen, FSB A"]
[Site "?"]
[Date "2003.??.??"]
[Round "1.51"]
[White "Londyn, R."]
[Black "Pravdik, K."]
[Result "1-0"]
[WhiteElo "2152"]
[BlackElo "1893"]
[PlyCount "101"]
[EventDate "2003.??.??"]
[Source "ChessBase"]
[SourceDate "1996.11.15"]

1. c4 c6 2. d4 d5 3. e3 Nf6 4. Nc3 a6 5. Nf3 e6 6. Bd3 Be7 7. c5 Nbd7 8. O-O
O-O 9. Qc2 Qc7 10. e4 e5 11. exd5 cxd5 12. Nxe5 Nxe5 13. dxe5 Qxe5 14. Na4 Bd7
15. Nb6 Rad8 16. Nxd7 Rxd7 17. g3 g6 18. Bf4 Qd4 19. Be3 Qe5 20. Bf4 Qd4 21.
Be3 Qe5 22. Rfe1 Qc7 23. Bd4 Ne4 24. Bxe4 dxe4 25. Qxe4 Rfd8 26. Be3 Bf6 27.
Rab1 Qa5 28. a3 Re7 29. Qb4 Qxb4 30. axb4 Re4 31. Bd2 Rc4 32. Rbc1 Rxc1 33.
Bxc1 Rd4 34. Bh6 Rd8 35. h4 Bg7 36. Bxg7 Kxg7 37. Re7 Rd2 38. Rxb7 Rxb2 39. Rb6
h5 40. Kg2 Rb3 41. Kf1 Rb2 42. Ke1 Kf8 43. Kd1 Ke7 44. Kc1 Rxf2 45. Rxa6 Rf3
46. Kc2 Rxg3 47. b5 Rg4 48. Kc3 f5 49. b6 Rg1 50. b7 Rb1 51. Rb6 1-0

[Event "Plzen, FSB A"]
[Site "?"]
[Date "2003.??.??"]
[Round "1.52"]
[White "Kubik, J."]
[Black "Havlik jr., J."]
[Result "0-1"]
[WhiteElo "1863"]
[BlackElo "2151"]
[PlyCount "136"]
[EventDate "2003.??.??"]
[Source "ChessBase"]
[SourceDate "1996.11.15"]

1. c4 g6 2. Nc3 Bg7 3. Nf3 d6 4. d4 Nf6 5. e4 O-O 6. h3 e5 7. Be3 Nc6 8. d5 Ne7
9. Bd3 Ne8 10. g4 c6 11. Qc2 a6 12. Ke2 Bd7 13. Rag1 Rc8 14. g5 b5 15. b3 cxd5
16. Nxd5 Nxd5 17. exd5 e4 18. Bxe4 bxc4 19. Nd4 cxb3 20. Qxb3 Qe7 21. Qd3 Nc7
22. Nc6 Bxc6 23. dxc6 d5 24. Bxd5 Rcd8 25. Bxf7+ Qxf7 26. Qb3 Nd5 27. Rg3 Kh8
28. Rc1 Be5 29. Rg4 Qf3+ 30. Ke1 Nxe3 31. Qxe3 Qxe3+ 32. fxe3 Bc7 33. Ke2 Rd6
34. Re4 Ba5 35. Rd4 Bc7 36. Rxd6 Bxd6 37. Kd3 Kg7 38. Kd4 Kf7 39. Kd5 Ke7 40.
e4 Rd8 41. Rb1 Bf4+ 42. Kc5 Be3+ 43. Kc4 Kd6 44. Rb7 Kxc6 45. Rxh7 Rd4+ 46. Kc3
Rxe4 47. h4 Re6 48. Rh6 Kd5 49. Kd3 Bf4 50. Kc3 Rb6 51. Rh7 Be5+ 52. Kd3 Rc6
53. Rh6 Bf4 54. Rh7 Ke5 55. Rf7 Bg3 56. Rh7 Kf5 57. h5 Kxg5 58. hxg6 Kxg6 59.
Rb7 Kf6 60. Kd4 Ke6 61. a4 Be5+ 62. Kd3 Kd5 63. Rb3 Bd6 64. Rb7 Ke6 65. Rb3 a5
66. Kd4 Bb4 67. Re3+ Kd6 68. Rh3 Rc1 0-1

[Event "Plzen, FSB A"]
[Site "?"]
[Date "2003.??.??"]
[Round "1.53"]
[White "Hlavac, R."]
[Black "Postupa, P."]
[Result "1-0"]
[WhiteElo "2150"]
[BlackElo "1863"]
[PlyCount "149"]
[EventDate "2003.??.??"]
[Source "ChessBase"]
[SourceDate "1996.11.15"]

1. e4 c5 2. Nf3 d6 3. d4 cxd4 4. Qxd4 Nc6 5. Bb5 Bd7 6. Bxc6 Bxc6 7. c4 e5 8.
Qd3 Nf6 9. Nc3 Be7 10. O-O O-O 11. Bg5 Qc7 12. Rad1 Rfd8 13. b3 a6 14. Rd2 Qa5
15. Rfd1 b5 16. Bxf6 Bxf6 17. Nd5 Bxd5 18. Qxd5 Qb6 19. Rc2 Rac8 20. Rdc1 Rc5
21. Qd3 Rdc8 22. cxb5 axb5 23. b4 R5c6 24. g3 Be7 25. Qb3 Qa6 26. Rxc6 Rxc6 27.
Rxc6 Qxc6 28. Qd3 Qa6 29. a3 Qc6 30. h4 h5 31. Nd2 g5 32. hxg5 Bxg5 33. Nf1 h4
34. Qf3 Qc1 35. gxh4 Bxh4 36. Kg2 Kf8 37. Qd3 Qc6 38. Ne3 Qb6 39. Qc2 Qb7 40.
Qd3 Qb6 41. Qd5 Kg8 42. Qa8+ Qd8 43. Qxd8+ Bxd8 44. Nd5 Kf8 45. Nc3 Ke7 46.
Nxb5 Ke6 47. Nc3 f5 48. f3 fxe4 49. fxe4 Kd7 50. b5 Kc7 51. Nd5+ Kb7 52. Kf3
Bg5 53. Ke2 Bc1 54. a4 Bg5 55. a5 Bd8 56. a6+ Ka7 57. Kd3 Ba5 58. Kc4 Bd2 59.
Ne7 Kb6 60. Nc8+ Kc7 61. Nxd6 Be3 62. Kd5 Bg1 63. Nc4 Bd4 64. Nxe5 Bf2 65. Nc4
Kd7 66. b6 Kc8 67. Kc6 Kb8 68. Kd7 Ka8 69. e5 Bc5 70. e6 Kb8 71. e7 Bxe7 72.
Kxe7 Kc8 73. Kd6 Kb8 74. Kc6 Kc8 75. a7 1-0

[Event "Plzen, FSB A"]
[Site "?"]
[Date "2003.??.??"]
[Round "1.54"]
[White "Vrana, J."]
[Black "Podbrdsky, P."]
[Result "1-0"]
[WhiteElo "1855"]
[BlackElo "2142"]
[PlyCount "65"]
[EventDate "2003.??.??"]
[Source "ChessBase"]
[SourceDate "1996.11.15"]

1. e4 e5 2. f4 exf4 3. Nf3 d5 4. exd5 Nf6 5. Bc4 Nbd7 6. O-O Be7 7. d4 O-O 8.
Bb3 b5 9. Bxf4 Nb6 10. d6 cxd6 11. Re1 Nfd5 12. Bg3 Bb7 13. Qd3 Qd7 14. c3 Rac8
15. Nbd2 a5 16. a3 a4 17. Ba2 Rc7 18. Rac1 Rfc8 19. Ne4 b4 20. Bb1 g6 21. axb4
Nxb4 22. Qd2 N4d5 23. Ba2 Kg7 24. Rf1 Ba6 25. Rf2 h6 26. Bf4 Nxf4 27. Qxf4 Bc4
28. Bxc4 Rxc4 29. Ne5 dxe5 30. Qxf7+ Kh8 31. Qxg6 R4c6 32. Nf6 Bf8 33. Qg8# 1-0

[Event "Plzen, FSB A"]
[Site "?"]
[Date "2003.??.??"]
[Round "1.55"]
[White "Sochor, S."]
[Black "Krejcova, K."]
[Result "1-0"]
[WhiteElo "2141"]
[BlackElo "1848"]
[PlyCount "61"]
[EventDate "2003.??.??"]
[Source "ChessBase"]
[SourceDate "1996.11.15"]

1. d4 Nf6 2. Nf3 e6 3. e3 c5 4. Bd3 Nc6 5. O-O d5 6. b3 Be7 7. Nbd2 O-O 8. Bb2
b6 9. Ne5 Bb7 10. f4 Qc7 11. c3 a6 12. a4 Rab8 13. Rf3 Ne4 14. Rh3 f5 15. Bxe4
dxe4 16. Qh5 h6 17. Rg3 Rf6 18. dxc5 Bxc5 19. c4 Rbf8 20. Nxc6 Bxc6 21. Bxf6
Rxf6 22. Rd1 b5 23. cxb5 axb5 24. axb5 Bxb5 25. Nc4 Qa7 26. Qe2 Rf8 27. Qd2 Rb8
28. Qc3 Bc6 29. Qe5 Bd5 30. Ra1 Qb7 31. Na5 1-0

[Event "Plzen, FSB A"]
[Site "?"]
[Date "2003.??.??"]
[Round "1.56"]
[White "Vlcek, J."]
[Black "Vrchotka, J."]
[Result "0-1"]
[WhiteElo "1840"]
[BlackElo "2140"]
[PlyCount "56"]
[EventDate "2003.??.??"]
[Source "ChessBase"]
[SourceDate "1996.11.15"]

1. d4 c5 2. dxc5 Na6 3. e4 Nxc5 4. Qd4 d6 5. Bc4 e6 6. b4 Nd7 7. Nf3 Be7 8. h4
Bf6 9. e5 Nxe5 10. Ng5 Nxc4 11. Qxc4 Bxa1 12. c3 d5 13. Qf4 Qf6 14. Qg3 Ne7 15.
Bd2 a5 16. O-O axb4 17. Qd3 h6 18. Qb5+ Nc6 19. Nxf7 Qxf7 20. Qc5 Qe7 21. Qe3
O-O 22. Qg3 Qf6 23. a3 bxa3 24. Be3 a2 25. Nd2 Bxc3 26. Bxh6 a1=Q 27. Rxa1
Rxa1+ 28. Kh2 Be5 0-1

[Event "Plzen, FSB A"]
[Site "?"]
[Date "2003.??.??"]
[Round "1.57"]
[White "Purnoch, J."]
[Black "Letourneur, A."]
[Result "1-0"]
[WhiteElo "2139"]
[BlackElo "1830"]
[PlyCount "117"]
[EventDate "2003.??.??"]
[Source "ChessBase"]
[SourceDate "1996.11.15"]

1. d4 d5 2. Nf3 e6 3. c4 Nf6 4. Nc3 Nbd7 5. Bg5 c6 6. e3 Bb4 7. Qc2 Qa5 8. Nd2
O-O 9. Be2 h6 10. Bh4 Bxc3 11. bxc3 Ne4 12. Be7 Re8 13. Bb4 Qc7 14. Nxe4 dxe4
15. Qxe4 c5 16. Ba3 Qa5 17. Bb2 cxd4 18. exd4 e5 19. O-O Nf6 20. Qc2 e4 21. c5
Nd5 22. Qd2 Bd7 23. Bc4 Be6 24. Rfe1 f5 25. Rad1 Rad8 26. Bb3 Kh8 27. Qc1 Nf6
28. c4 Kh7 29. d5 Bf7 30. Qf4 Bg6 31. Bd4 Nd7 32. Qe3 Bh5 33. Rc1 Ne5 34. Qg3
f4 35. Qxf4 Nd3 36. Qg3 Bg6 37. Red1 Nxc1 38. Rxc1 Qd2 39. Rd1 Qg5 40. Qxg5
hxg5 41. Ba4 Rf8 42. Be3 g4 43. c6 bxc6 44. Bxc6 Be8 45. Bxe8 Rfxe8 46. Bxa7
Ra8 47. Bb6 Rxa2 48. d6 e3 49. fxe3 Rf8 50. e4 Rb2 51. Bc5 Rc2 52. d7 Rd8 53.
Bb6 Rxd7 54. Rxd7 Rc1+ 55. Kf2 Rc2+ 56. Kg3 Rxc4 57. Bd4 Rc6 58. Rxg7+ Kh6 59.
Rxg4 1-0

[Event "Plzen, FSB A"]
[Site "?"]
[Date "2003.??.??"]
[Round "2.1"]
[White "Fedorchuk, S."]
[Black "Hrbolka jr., L."]
[Result "1-0"]
[WhiteElo "2557"]
[BlackElo "2207"]
[PlyCount "73"]
[EventDate "2003.??.??"]
[Source "ChessBase"]
[SourceDate "1996.11.15"]

1. e4 c5 2. Nf3 d6 3. d4 cxd4 4. Nxd4 Nf6 5. Nc3 a6 6. f4 e5 7. Nf3 Nbd7 8. a4
Be7 9. Bd3 O-O 10. O-O exf4 11. Kh1 Nh5 12. Ne1 Ndf6 13. Be2 g6 14. Nd3 Be6 15.
Bf3 Qc7 16. Nxf4 Nxf4 17. Bxf4 Nd7 18. Bh6 Rfe8 19. Bg4 Ne5 20. Bxe6 fxe6 21.
Ne2 Bf8 22. Bg5 Bg7 23. c3 Qc4 24. Ng3 Nf7 25. Bf6 Bxf6 26. Rxf6 Rad8 27. Qd2
Ne5 28. h3 Qd3 29. Qg5 Nf7 30. Qf4 e5 31. Qg4 d5 32. Raf1 Re7 33. Kh2 Qd2 34.
Nf5 Rc7 35. Rxg6+ hxg6 36. Qxg6+ Kf8 37. Nh6 1-0

[Event "Plzen, FSB A"]
[Site "?"]
[Date "2003.??.??"]
[Round "2.2"]
[White "Petr, M."]
[Black "Haba, P."]
[Result "0-1"]
[WhiteElo "2236"]
[BlackElo "2502"]
[PlyCount "66"]
[EventDate "2003.??.??"]
[Source "ChessBase"]
[SourceDate "1996.11.15"]

1. e4 c5 2. Nf3 e6 3. d4 cxd4 4. Nxd4 Nc6 5. Nc3 Qc7 6. Be3 a6 7. Qd2 Nf6 8. f3
Ne5 9. O-O-O Bb4 10. Nb3 b5 11. Bd4 Nc4 12. Qg5 Be7 13. e5 h6 14. Qxg7 Rg8 15.
exf6 Rxg7 16. fxg7 Qf4+ 17. Nd2 Qg5 18. Nce4 Qg6 19. Nf6+ Bxf6 20. Bxf6 Bb7 21.
Bd3 Qxf6 22. Nxc4 Ke7 23. Nb6 Rd8 24. Bxb5 Qg5+ 25. f4 Qxf4+ 26. Kb1 axb5 27.
Rxd7+ Rxd7 28. g8=Q Rd8 29. Qg7 Rd6 30. a4 Rxb6 31. a5 Rd6 32. Qc3 Qc4 33. Qe3
Be4 0-1

[Event "Plzen, FSB A"]
[Site "?"]
[Date "2003.??.??"]
[Round "2.3"]
[White "Vokac, M."]
[Black "Zeleny, T."]
[Result "1/2-1/2"]
[WhiteElo "2490"]
[BlackElo "2187"]
[PlyCount "34"]
[EventDate "2003.??.??"]
[Source "ChessBase"]
[SourceDate "1996.11.15"]

1. Nf3 g6 2. d4 Nf6 3. Bg5 Bg7 4. Nbd2 d5 5. e3 O-O 6. Bd3 Nbd7 7. O-O c5 8. c3
b6 9. Ne5 Nxe5 10. dxe5 Ng4 11. Nf3 Nxe5 12. Nxe5 Bxe5 13. f4 Bg7 14. f5 Qd6
15. e4 Bb7 16. exd5 Bxd5 17. Qe2 Bf6 1/2-1/2

[Event "Plzen, FSB A"]
[Site "?"]
[Date "2003.??.??"]
[Round "2.4"]
[White "Maurer, J."]
[Black "Polak, T."]
[Result "0-1"]
[WhiteElo "2180"]
[BlackElo "2473"]
[PlyCount "102"]
[EventDate "2003.??.??"]
[Source "ChessBase"]
[SourceDate "1996.11.15"]

1. e4 c6 2. d4 d5 3. e5 Bf5 4. Nf3 e6 5. Be2 Nd7 6. O-O Ne7 7. Nh4 Bg6 8. Nxg6
hxg6 9. Nd2 c5 10. c3 Nc6 11. Nf3 Qb6 12. g3 Be7 13. h4 cxd4 14. cxd4 O-O-O 15.
a3 Kb8 16. b4 Rc8 17. Be3 Qd8 18. Qd2 Ka8 19. Rfc1 Nb6 20. b5 Nb8 21. Rxc8 Qxc8
22. a4 Nc4 23. Bxc4 Qxc4 24. Rc1 Qxa4 25. Rc7 Re8 26. Ng5 Bxg5 27. Bxg5 Qxb5
28. Rxf7 Rc8 29. Qf4 a5 30. Be7 a4 31. Rf8 Qd7 32. Bd6 Na6 33. Rf7 Qb5 34. Rxg7
Ka7 35. Qf7 Rc1+ 36. Kh2 Rb1 37. Qf3 Qb3 38. Qxb3 axb3 39. Ba3 Ra1 40. Bb2 Ra2
41. Bc3 Rxf2+ 42. Kh3 Rc2 43. Ba1 Ra2 44. Bc3 Rc2 45. Ba1 Nb4 46. Rxg6 Nd3 47.
Rf6 Rc1 48. Bb2 Rh1+ 49. Kg2 Rb1 50. Kh3 Nxb2 51. h5 Nd3 0-1

[Event "Plzen, FSB A"]
[Site "?"]
[Date "2003.??.??"]
[Round "2.5"]
[White "Cvek, R."]
[Black "Folkova, M."]
[Result "1-0"]
[WhiteElo "2471"]
[BlackElo "2179"]
[PlyCount "59"]
[EventDate "2003.??.??"]
[Source "ChessBase"]
[SourceDate "1996.11.15"]

1. c4 e6 2. d4 d5 3. Nc3 c6 4. cxd5 exd5 5. Qc2 Nf6 6. Bg5 Be7 7. e3 Nbd7 8.
Bd3 O-O 9. Nge2 Re8 10. Ng3 h6 11. h4 Nf8 12. Bf4 a5 13. Nf5 Bxf5 14. Bxf5 Bd6
15. g3 Ne6 16. O-O-O b5 17. Kb1 a4 18. Ne2 Ra6 19. Bxd6 Qxd6 20. g4 b4 21. g5
b3 22. Qd3 bxa2+ 23. Kxa2 Rb6 24. gxf6 Reb8 25. Rb1 Rb3 26. Qc2 Qb4 27. Nc1 Qa5
28. Bxe6 fxe6 29. Rg1 R3b7 30. Rxg7+ 1-0